01362nam a2200349 a 4500001001200000003000800012006001900020007001500039008004100054020002000095020002300115020002000138020002300158040002100181035002100202050002400223245014400247260003400391300002400425490004600449504005100495533015200546650001300698650001700711650001800728655002900746700003500775710001700810830004000827856012600867999001900993ebr10310817CaPaEBRm u cr cn|||||||||090917s2006 enka sb 001 0 eng d z1845111559 (HB) z9781845111557 (HB) z1845111567 (PB) z9781845111564 (PB) aCaPaEBRcCaPaEBR a(OCoLC)64782187414aG155.A1bC67 2006eb00aCorporate rivalry and market powerh[electronic resource] :bcompetition issues in the tourism industry /cedited by Andreas Papatheodorou. aLondon :bI.B. Tauris,c2006. axvi, 208 p. :bill.1 aTourism, retailing and consumption series aIncludes bibliographical references and index. aElectronic reproduction.bPalo Alto, Calif. :cebrary,d2013.nAvailable via World Wide Web.nAccess may be limited to ebrary affiliated libraries. 0aTourism. 0aCompetition. 0aMarket share. 7aElectronic books.2local1 aPapatheodorou, Andreas,d1974-2 aebrary, Inc. 0aTourism, retailing and consumption.40uhttp://site.ebrary.com/lib/rucke/Doc?id=10310817zAn electronic book accessible through the World Wide Web; click to view c175930d175930